|
|
|
|
| LEADER |
00000cas a2200000 a 4500 |
| 001 |
vtls009177313 |
| 003 |
SK-MaSNL |
| 005 |
20260228161125.0 |
| 008 |
080124d20082011xo mr p 0 b0slo |
| 022 |
|
|
|a 1335-9967
|
| 040 |
|
|
|a SNK
|b slo
|c SNK
|e AACR2
|
| 041 |
0 |
|
|a slo
|
| 043 |
|
|
|a e-xo---
|
| 044 |
|
|
|a xo
|c SK
|
| 072 |
|
7 |
|a 316
|x Sociológia
|2 konspekt
|
| 072 |
|
7 |
|a 316.7
|x Sociológia kultúry. Kultúrny život
|2 konspekt
|
| 080 |
|
|
|a 316.728
|2 2011
|
| 080 |
|
|
|a 316.72/.75-027.22
|2 2011
|
| 080 |
|
|
|a (051)+(054)
|2 2011
|
| 245 |
0 |
0 |
|a Ipeľ
|b mesačník mesta Poltár
|
| 260 |
|
|
|a Poltár
|b Mesto Poltár
|c 2008-2011
|
| 300 |
|
|
|a zv.
|c 30 cm
|
| 310 |
|
|
|a 1x mesačne
|
| 362 |
0 |
|
|a Roč. I, č. 1 (11. jan. 2008)-roč. IV, č. 2 (2011)
|
| 500 |
|
|
|a Registrácia: MK SR OMT 3/2002
|
| 500 |
|
|
|a ISSN 1335-9967 patrí predošlému titulu Poltársky občasník
|
| 500 |
|
|
|a Šéfredaktor: 1/2008-2011, Ondrej Lepiš
|
| 500 |
|
|
|a Reg. číslo: EV 1286/08
|
| 500 |
|
|
|a V č. 12/2009 je uvedený roč. I., má byť roč. II.
|
| 500 |
|
|
|a Reg. číslo: EV 2978/09
|
| 650 |
0 |
7 |
|a spoločenský život
|2 SNKPH
|9 28654
|
| 650 |
0 |
7 |
|a kultúrny život
|2 SNKPH
|9 3182
|
| 651 |
|
7 |
|a Poltár (Slovensko)
|2 SNKPHgeo
|9 169132
|
| 655 |
|
7 |
|a miestne periodiká
|2 SNKPH
|9 160938
|
| 700 |
1 |
|
|a Lepiš, Ondrej
|4 pbd
|9 268027
|
| 710 |
1 |
|
|a Poltár (Slovensko).
|b Mesto
|4 pbl
|9 268028
|
| 780 |
0 |
0 |
|t Poltársky občasník
|x 1335-9967
|w vtls008159032
|
| 910 |
|
|
|a snk
|
| 916 |
|
|
|a 2008-2011
|
| 999 |
|
|
|c 4401
|d 6331
|
| 952 |
|
|
|0 0
|1 0
|3 Spoločne zviazané r. 2008-2010
|4 0
|7 0
|8 0
|a SNK
|b SNK
|d 2018-01-19
|f 1
|i snk2018/1590
|l 0
|o snkČSB 6595/1/2008
|p 17A1267422
|r 2026-02-21 22:26:12
|t č. 1-11
|w 2026-02-21
|y PREZ
|z Spoločne zviazané r. 2008-2010
|
| 952 |
|
|
|0 0
|1 0
|3 Spoločne zviazané r. 2008-2010
|4 0
|7 0
|8 0
|a SNK
|b SNK
|d 2018-01-19
|f 1
|i snk2018/1590
|l 0
|o snkČSB 6595/2/2009
|p 17A1267423
|r 2026-02-21 22:26:12
|t č. 1-12
|w 2026-02-21
|y PREZ
|z Spoločne zviazané r. 2008-2010
|
| 952 |
|
|
|0 0
|1 0
|3 Spoločne zviazané r. 2008-2010
|4 0
|7 0
|8 0
|a SNK
|b SNK
|d 2018-01-19
|f 1
|i snk2018/1590
|l 0
|o snkČSB 6595/3/2010
|p 17A1267424
|r 2026-02-21 22:26:12
|t č. 1-12, neúplné
|w 2026-02-21
|y PREZ
|z Chýba č. 10. ; Spoločne zviazané r. 2008-2010
|
| 952 |
|
|
|0 0
|1 0
|4 0
|7 0
|8 0
|a SNK
|b SNK
|d 2018-01-19
|f 1
|i snk2018/1590
|l 0
|o snkČSB 6595/4/2011
|p 17A1267425
|r 2026-02-21 22:26:12
|t č. 1-2
|w 2026-02-21
|y PREZ
|